[Event "Warsaw YMCA Winter-A 86th"]
[Site "Warsaw"]
[Date "2011.03.10"]
[Round "10"]
[White "Michniewski, Tomasz"]
[Black "Jozwik, Jacek"]
[Result "1-0"]
[WhiteElo "2166"]
[BlackElo "2050"]
[PlyCount "49"]
[EventDate "2011.01.06"]
[EventType "tourn"]
[EventRounds "13"]
[EventCountry "POL"]
[SourceTitle "EXT 2019"]
[Source "ChessBase"]
[SourceDate "2018.10.10"]
[SourceVersion "1"]
[SourceVersionDate "2018.10.10"]
[SourceQuality "1"]

1. d4 Nf6 2. c4 c5 3. d5 e6 4. Nc3 exd5 5. cxd5 d6 6. e4 g6 7. f4 Bg7 8. Bb5+ Nfd7 9. a4 0-0 10. Nf3 Re8 11. 0-0 Bxc3 12. bxc3 Rxe4 13. Bd3 Re8 14. c4 Nf6 15. f5 Kg7 16. Qd2 Ng4 17. h3 Ne3 18. Bb2+ f6 19. fxg6 hxg6 20. Nh4 Bf5 21. Bxf5 gxf5 22. Nxf5+ Nxf5 23. Qg5+ Kf7 24. Bxf6 Qxf6 25. Rxf5 1-0

[Event "Warsaw YMCA Winter-A 86th"]
[Site "Warsaw"]
[Date "2011.02.24"]
[Round "8"]
[White "Michniewski, Tomasz"]
[Black "Choroszej, Aleksander"]
[Result "1-0"]
[WhiteElo "2166"]
[BlackElo "2074"]
[PlyCount "123"]
[EventDate "2011.01.06"]
[EventType "tourn"]
[EventRounds "13"]
[EventCountry "POL"]
[SourceTitle "EXT 2019"]
[Source "ChessBase"]
[SourceDate "2018.10.10"]
[SourceVersion "1"]
[SourceVersionDate "2018.10.10"]
[SourceQuality "1"]

1. d4 g6 2. c4 Bg7 3. e4 d6 4. Nc3 Nf6 5. f4 0-0 6. Nf3 c5 7. d5 e6 8. Be2 exd5 9. cxd5 Re8 10. e5 dxe5 11. fxe5 Ng4 12. Bg5 Qb6 13. 0-0 Nxe5 14. d6 Qxb2 15. Nd5 Nxf3+ 16. Bxf3 Bd4+ 17. Kh1 Qxa1 18. Qxa1 Bxa1 19. Rxa1 Nd7 20. Be7 Rb8 21. Nc7 Rf8 22. Re1 Kg7 23. Bxf8+ Nxf8 24. Re8 b5 25. Bd5 c4 26. Kg1 c3 27. Bb3 a5 28. Kf2 a4 29. Bc2 Nd7 30. Rd8 Nc5 31. Ke3 b4 32. Bxa4 Nxa4 33. d7 Nb6 34. Rg8+ Kxg8 35. d8Q+ Kg7 36. Ne8+ Kf8 37. Qd6+ Kxe8 38. Qxb8 Nd5+ 39. Kd4 Ne7 40. Kd3 Kd8 41. Qd6+ Bd7 42. Qb8+ Bc8 43. Qd6+ Bd7 44. Qxb4 Bf5+ 45. Ke2 c2 46. Qd6+ Ke8 47. Kd2 h5 48. a4 Nc8 49. Qc6+ Ke7 50. Qc7+ Kf6 51. a5 g5 52. a6 h4 53. a7 Nxa7 54. Qxa7 Bg6 55. Qd4+ Ke6 56. Qc5 Kf6 57. Ke3 Kg7 58. Kd4 Kg8 59. Ke5 Kg7 60. Kd6 Kh6 61. Ke7 Kg7 62. Qxg5 1-0

[Event "Warsaw YMCA Winter-A 86th"]
[Site "Warsaw"]
[Date "2011.02.09"]
[Round "6"]
[White "Michniewski, Tomasz"]
[Black "Szymczak, Rafal"]
[Result "1/2-1/2"]
[WhiteElo "2166"]
[BlackElo "2089"]
[PlyCount "70"]
[EventDate "2011.01.06"]
[EventType "tourn"]
[EventRounds "13"]
[EventCountry "POL"]
[SourceTitle "EXT 2019"]
[Source "ChessBase"]
[SourceDate "2018.10.10"]
[SourceVersion "1"]
[SourceVersionDate "2018.10.10"]
[SourceQuality "1"]

1. d4 f5 2. Bg5 d6 3. e3 c6 4. Nd2 Qc7 5. Bc4 e6 6. Ne2 h6 7. Bh4 g5 8. Bg3 Nf6 9. h4 Qg7 10. h5 Be7 11. Bd3 d5 12. c4 0-0 13. Nf3 Nbd7 14. Ne5 Nxe5 15. Bxe5 Qf7 16. Nc3 Ne4 17. f3 Nxc3 18. bxc3 Bf6 19. f4 Bxe5 20. fxe5 Bd7 21. Rb1 Be8 22. Rb2 g4 23. g3 b6 24. cxd5 cxd5 25. Bb5 Qc7 26. Qd3 Bxb5 27. Rxb5 Rac8 28. Kd2 Qc4 29. Qxc4 Rxc4 30. Rb4 Rfc8 31. Rxc4 Rxc4 32. Kc2 Kf7 33. Kb3 b5 34. Rb1 a6 35. a3 Ke7 1/2-1/2

[Event "Warsaw YMCA Winter-A 86th"]
[Site "Warsaw"]
[Date "2011.02.03"]
[Round "5"]
[White "Grochulski, Grzegorz"]
[Black "Michniewski, Tomasz"]
[Result "1/2-1/2"]
[WhiteElo "2046"]
[BlackElo "2166"]
[PlyCount "97"]
[EventDate "2011.01.06"]
[EventType "tourn"]
[EventRounds "13"]
[EventCountry "POL"]
[SourceTitle "EXT 2019"]
[Source "ChessBase"]
[SourceDate "2018.10.10"]
[SourceVersion "1"]
[SourceVersionDate "2018.10.10"]
[SourceQuality "1"]

1. e4 c5 2. Nf3 a6 3. c3 d6 4. d4 cxd4 5. cxd4 Nf6 6. Nc3 g6 7. Bg5 Bg7 8. e5 Ng4 9. exd6 Qxd6 10. h3 Nf6 11. Bc4 0-0 12. 0-0 b5 13. Bd3 Bb7 14. Re1 Nbd7 15. Qe2 e6 16. Rad1 b4 17. Ne4 Nxe4 18. Bxe4 Bd5 19. Be7 Qxe7 20. Bxd5 Ra7 21. Bb3 Qf6 22. d5 exd5 23. Rxd5 Qb6 24. Red1 Nf6 25. Rd6 Qb7 26. Ng5 a5 27. Rd8 Qe7 28. Bxf7+ Kh8 29. Qxe7 Rxe7 30. Bc4 h5 31. Bf7 Nh7 32. Nxh7 Kxh7 33. Rxf8 Bxf8 34. Bc4 Bg7 35. b3 Bc3 36. Rd5 Re5 37. Rd7+ Kh6 38. Rd1 Re1+ 39. Rxe1 Bxe1 40. Kf1 Bc3 41. Ke2 Kg5 42. Kd3 h4 43. a4 Kf4 44. Bf7 Kg5 45. Kc4 Bf6 46. Be6 Bd8 47. Bd7 Bb6 48. Kb5 Bd8 49. Kc4 1/2-1/2

[Event "Warsaw YMCA Winter-A 86th"]
[Site "Warsaw"]
[Date "2011.01.06"]
[Round "1"]
[White "Kasperkiewicz, Pawel"]
[Black "Michniewski, Tomasz"]
[Result "0-1"]
[WhiteElo "2128"]
[BlackElo "2166"]
[PlyCount "58"]
[EventDate "2011.01.06"]
[EventType "tourn"]
[EventRounds "13"]
[EventCountry "POL"]
[SourceTitle "EXT 2019"]
[Source "ChessBase"]
[SourceDate "2018.10.10"]
[SourceVersion "1"]
[SourceVersionDate "2018.10.10"]
[SourceQuality "1"]

1. e4 c5 2. c3 e6 3. d4 cxd4 4. cxd4 d5 5. Nc3 dxe4 6. Nxe4 Nf6 7. Nxf6+ Qxf6 8. Nf3 Bb4+ 9. Bd2 Bxd2+ 10. Qxd2 0-0 11. Bc4 Nc6 12. 0-0 b6 13. d5 Na5 14. Bb5 exd5 15. Qxd5 Bb7 16. Qg5 Qg6 17. Qg3 Rac8 18. Rac1 Qh5 19. Bd7 Rxc1 20. Rxc1 Qd5 21. Qh3 Rd8 22. Re1 h6 23. Bf5 Qxa2 24. Ne5 Qxb2 25. Qh5 Bd5 26. Bd3 Be6 27. Qh4 Qd4 28. Re4 Qa1+ 29. Bf1 Rd1 0-1

[Event "Warsaw YMCA Autumn-A 84th"]
[Site "Warsaw"]
[Date "2010.10.08"]
[Round "3"]
[White "Choroszej, Aleksander"]
[Black "Michniewski, Tomasz"]
[Result "0-1"]
[WhiteElo "2122"]
[BlackElo "2165"]
[PlyCount "110"]
[EventDate "2010.09.24"]
[EventType "tourn"]
[EventRounds "13"]
[EventCountry "POL"]
[SourceTitle "EXT 2019"]
[Source "ChessBase"]
[SourceDate "2018.10.10"]
[SourceVersion "1"]
[SourceVersionDate "2018.10.10"]
[SourceQuality "1"]

1. d4 Nf6 2. c4 c5 3. d5 b5 4. cxb5 a6 5. b6 Qxb6 6. Nc3 Qb4 7. g3 d6 8. Bg2 g6 9. Nf3 Bg7 10. 0-0 0-0 11. a4 a5 12. h3 Ba6 13. Ra3 Qb7 14. Rb3 Qc8 15. Nb5 Nbd7 16. Nd2 Rb8 17. Nc4 Bxb5 18. Rxb5 Rxb5 19. axb5 Qb7 20. Qa4 Rb8 21. Na3 Ra8 22. Nc4 Nb6 23. Nxb6 Qxb6 24. Bd2 Rb8 25. Qxa5 Qxa5 26. Bxa5 Rxb5 27. Bc3 Nd7 28. Rc1 Nb6 29. Ra1 Bxc3 30. bxc3 c4 31. e4 Rb3 32. Ra6 Kg7 33. f4 Kf6 34. Kf2 e6 35. dxe6 Kxe6 36. g4 Ke7 37. Bf1 h6 38. h4 f6 39. Be2 g5 40. fxg5 fxg5 41. hxg5 hxg5 42. Ke1 Kf6 43. Kd2 Ke5 44. Ra5+ Kxe4 45. Rxg5 Rb2+ 46. Kd1 Ke3 47. Rg6 Rd2+ 48. Kc1 Rxe2 49. Rxd6 Na4 50. g5 Nxc3 51. g6 Rg2 52. Rc6 Kd4 53. Rf6 Nd5 54. Rc6 c3 55. g7 Rg1+ 0-1

[Event "POL-chT 2nd League"]
[Site "Miedzyzdroje"]
[Date "2009.09.20"]
[Round "9"]
[White "Krysztofiak, Marcin"]
[Black "Michniewski, Tomasz"]
[Result "1-0"]
[WhiteElo "2429"]
[BlackElo "2190"]
[PlyCount "119"]
[EventDate "2009.09.12"]
[EventType "team-swiss"]
[EventRounds "9"]
[EventCountry "POL"]
[SourceTitle "EXT 2019"]
[Source "ChessBase"]
[SourceDate "2018.10.10"]
[SourceVersion "1"]
[SourceVersionDate "2018.10.10"]
[SourceQuality "1"]
[WhiteTeam "Znin Baszta"]
[BlackTeam "Milanowek UKS Jedwabnik"]
[WhiteTeamCountry "POL"]
[BlackTeamCountry "POL"]

1. d4 g6 2. e4 Bg7 3. c4 Nc6 4. Nf3 e5 5. dxe5 Nxe5 6. Nxe5 Bxe5 7. Nc3 d6 8. g3 Bg7 9. Bg2 Be6 10. Qe2 Ne7 11. 0-0 Nc6 12. Rd1 0-0 13. Be3 Ne5 14. c5 Bc4 15. Qc2 Qf6 16. cxd6 cxd6 17. Nd5 Qd8 18. Qd2 Nd3 19. Bg5 Qb8 20. Nf6+ Kh8 21. Nd7 Qc8 22. Nxf8 Qxf8 23. Rab1 Rc8 24. Be3 b6 25. Bf1 Ne5 26. Qxd6 Bxa2 27. Qxf8+ Rxf8 28. Ra1 Bb3 29. Rdc1 a5 30. Be2 a4 31. f4 Nd7 32. e5 f6 33. Bb5 Nc5 34. Bxc5 bxc5 35. Rxc5 fxe5 36. fxe5 Bh6 37. Re1 Bd2 38. Re2 Bb4 39. Rc1 Rb8 40. Bd7 Kg8 41. e6 Be7 42. Rc8+ Rxc8 43. Bxc8 Bc5+ 44. Kg2 Kf8 45. Bd7 Ke7 46. Kh3 Bd4 47. g4 g5 48. Bxa4 Bc4 49. Rd2 Bf1+ 50. Kg3 Be5+ 51. Kf2 Bc4 52. h3 Bxe6 53. Kf3 h5 54. Bc6 h4 55. Bd5 Bc8 56. Ke4 Bf6 57. Rc2 Bd7 58. Bc6 Be6 59. Rf2 Bg7 60. Bd5 1-0

[Event "Warsaw YMCA Summer-A 63rd"]
[Site "Warsaw"]
[Date "2009.07.31"]
[Round "5"]
[White "Michniewski, Tomasz"]
[Black "Alvarado, Carlos"]
[Result "1/2-1/2"]
[WhiteElo "2190"]
[BlackElo "2175"]
[PlyCount "153"]
[EventDate "2009.07.02"]
[EventType "tourn"]
[EventRounds "9"]
[EventCountry "POL"]
[SourceTitle "EXT 2011"]
[Source "ChessBase"]
[SourceDate "2010.11.26"]
[SourceVersion "1"]
[SourceVersionDate "2010.11.26"]
[SourceQuality "1"]

1. d4 d5 2. c4 e6 3. Nc3 Be7 4. Nf3 Nf6 5. Bg5 0-0 6. e3 h6 7. Bxf6 Bxf6 8. Rc1 c6 9. Bd3 Nd7 10. 0-0 a6 11. h3 dxc4 12. Bxc4 b5 13. Bd3 c5 14. Bb1 cxd4 15. Nxd4 Bxd4 16. Qxd4 Bb7 17. Ne4 Nf6 18. Nd6 Rb8 19. Rfd1 Ba8 20. e4 Nh5 21. Qe5 Qh4 22. Rc7 Rbd8 23. Rd3 Nf4 24. Rf3 Qg5 25. Qxf4 Qxf4 26. Rxf4 Rxd6 27. Bc2 Rc6 28. Rxc6 Bxc6 29. Rf3 b4 30. Kf1 Rd8 31. Ke1 f5 32. Re3 f4 33. Rd3 Rxd3 34. Bxd3 Kf7 35. Bxa6 Bxe4 36. f3 Bd5 37. a3 bxa3 38. bxa3 Kf6 39. Ke2 Kg5 40. a4 Kf6 41. Kd3 g5 42. Kd4 h5 43. Bd3 Bb7 44. a5 e5+ 45. Kc5 g4 46. hxg4 hxg4 47. Be2 Kg5 48. a6 Ba8 49. Kd6 e4 50. fxg4 e3 51. Bf3 Kh4 52. a7 Bxf3 53. gxf3 e2 54. a8Q e1Q 55. g5 Kxg5 56. Qg8+ Kh6 57. Qh8+ Kg6 58. Qg8+ Kf6 59. Qf8+ Kg6 60. Qxf4 Qd1+ 61. Ke5 Qa1+ 62. Qd4 Qxd4+ 63. Kxd4 Kf5 64. Ke3 Ke5 65. f4+ Kf5 66. Kf3 Kf6 67. Ke4 Ke6 68. f5+ Kf6 69. Kf4 Kf7 70. Ke5 Ke7 71. f6+ Kf7 72. Kf5 Kf8 73. Ke5 Kf7 74. Kf5 Kf8 75. Kg6 Kg8 76. Kf5 Kf7 77. Ke5 1/2-1/2

[Event "Warsaw op 04"]
[Site "Warsaw"]
[Date "2009.05.29"]
[Round "8"]
[White "Olejarczyk, Bogdan"]
[Black "Michniewski, Tomasz"]
[Result "1/2-1/2"]
[WhiteElo "2159"]
[BlackElo "2190"]
[PlyCount "121"]
[EventDate "2009.04.07"]
[EventType "swiss"]
[EventRounds "11"]
[EventCountry "POL"]
[SourceTitle "EXT 2012"]
[Source "ChessBase"]
[SourceDate "2011.11.24"]
[SourceVersion "1"]
[SourceVersionDate "2011.11.24"]
[SourceQuality "1"]

1. d4 Nf6 2. Nf3 g6 3. Bf4 Bg7 4. e3 0-0 5. Be2 b6 6. h3 Bb7 7. 0-0 d6 8. c4 Nbd7 9. Nc3 Ne4 10. Nxe4 Bxe4 11. Qb3 e5 12. Bh2 exd4 13. exd4 Re8 14. Rfe1 Qf6 15. Rad1 Rad8 16. Qb4 a5 17. Qd2 Nf8 18. Bf4 Ne6 19. Be3 h6 20. d5 Bxf3 21. dxe6 Bxe2 22. exf7+ Qxf7 23. Qxe2 Kh7 24. b3 d5 25. cxd5 Rxd5 26. Rxd5 Qxd5 27. Rd1 Qe4 28. Qd3 Qxd3 29. Rxd3 Re7 30. Kf1 g5 31. Ke2 Kg6 32. Rd5 Re6 33. Kd3 Rc6 34. Bd4 Bxd4 35. Rxd4 Kf5 36. g4+ Ke5 37. Re4+ Kf6 38. f4 gxf4 39. Rxf4+ Kg6 40. h4 b5 41. Rf5 Rd6+ 42. Ke4 c6 43. a4 bxa4 44. bxa4 Rd1 45. Rxa5 Rg1 46. Kf3 Rf1+ 47. Kg2 Rf4 48. Kg3 Rc4 49. h5+ Kg7 50. Ra7+ Kg8 51. a5 Ra4 52. a6 c5 53. Ra8+ Kg7 54. Ra7+ Kg8 55. Rc7 Rxa6 56. Rxc5 Ra4 57. Rc6 Kg7 58. Re6 Rb4 59. Kf3 Ra4 60. Re4 Rxe4 61. Kxe4 1/2-1/2

[Event "Warsaw op 04"]
[Site "Warsaw"]
[Date "2009.05.01"]
[Round "4"]
[White "Pieczonka, Marcin"]
[Black "Michniewski, Tomasz"]
[Result "1/2-1/2"]
[WhiteElo "2144"]
[BlackElo "2190"]
[PlyCount "53"]
[EventDate "2009.04.07"]
[EventType "swiss"]
[EventRounds "11"]
[EventCountry "POL"]
[SourceTitle "EXT 2012"]
[Source "ChessBase"]
[SourceDate "2011.11.24"]
[SourceVersion "1"]
[SourceVersionDate "2011.11.24"]
[SourceQuality "1"]

1. d4 Nf6 2. c4 g6 3. Nc3 Bg7 4. e4 d6 5. Nf3 0-0 6. Be2 e5 7. 0-0 Nc6 8. d5 Ne7 9. Ne1 Nd7 10. Nd3 f5 11. f3 Nf6 12. Be3 f4 13. Bf2 g5 14. g4 fxg3 15. hxg3 Ng6 16. Kg2 h5 17. Rh1 g4 18. fxg4 Nxg4 19. Qg1 Qg5 20. Rf1 h4 21. Bxg4 Qxg4 22. Be1 hxg3 23. Rxf8+ Bxf8 24. Qe3 Nh4+ 25. Kg1 Nf3+ 26. Kg2 Nh4+ 27. Kg1 1/2-1/2

[Event "Warsaw op 04"]
[Site "Warsaw"]
[Date "2009.04.28"]
[Round "3"]
[White "Zurkowski, Andrzej"]
[Black "Michniewski, Tomasz"]
[Result "1/2-1/2"]
[WhiteElo "2150"]
[BlackElo "2190"]
[PlyCount "65"]
[EventDate "2009.04.07"]
[EventType "swiss"]
[EventRounds "11"]
[EventCountry "POL"]
[SourceTitle "EXT 2012"]
[Source "ChessBase"]
[SourceDate "2011.11.24"]
[SourceVersion "1"]
[SourceVersionDate "2011.11.24"]
[SourceQuality "1"]

1. d4 Nf6 2. c4 g6 3. Nf3 Bg7 4. Nc3 0-0 5. g3 d5 6. cxd5 Nxd5 7. Bg2 Nxc3 8. bxc3 c5 9. 0-0 Nc6 10. e3 Bf5 11. Nh4 Be6 12. d5 Bxc3 13. Rb1 g5 14. dxe6 Qxd1 15. Rxd1 gxh4 16. exf7+ Kxf7 17. Bxc6 bxc6 18. Ba3 hxg3 19. hxg3 Ke6 20. Rbc1 Bb4 21. Bxb4 cxb4 22. Rxc6+ Ke5 23. Ra6 Rac8 24. Rxa7 Rc2 25. Rxe7+ Kf6 26. Rb7 Ke5 27. Re7+ Kf6 28. Rxh7 Kg6 29. Rb7 Rcxf2 30. Rd6+ Kg5 31. Rb5+ Kg4 32. Rxb4+ Kf3 33. Rg6 1/2-1/2

[Event "Warsaw op 04"]
[Site "Warsaw"]
[Date "2009.04.17"]
[Round "2"]
[White "Michniewski, Tomasz"]
[Black "Sebastianiuk, Cezary"]
[Result "1-0"]
[WhiteElo "2190"]
[BlackElo "2128"]
[PlyCount "71"]
[EventDate "2009.04.07"]
[EventType "swiss"]
[EventRounds "11"]
[EventCountry "POL"]
[SourceTitle "EXT 2012"]
[Source "ChessBase"]
[SourceDate "2011.11.24"]
[SourceVersion "1"]
[SourceVersionDate "2011.11.24"]
[SourceQuality "1"]

1. d4 d5 2. c4 c6 3. Nf3 Nf6 4. Nc3 dxc4 5. a4 Bf5 6. e3 e6 7. Bxc4 Nbd7 8. 0-0 Be7 9. Qe2 0-0 10. e4 Bg6 11. Bf4 Re8 12. Rfd1 Bf8 13. Ne5 Nxe5 14. Bxe5 Bh5 15. f3 Nd7 16. Bf4 Qb6 17. a5 Qd8 18. Kh1 Bb4 19. a6 b5 20. Bb3 Qb6 21. Be3 Qc7 22. Nxb5 cxb5 23. Qxb5 Bxf3 24. gxf3 Rab8 25. Qe2 Nb6 26. Rac1 Qd7 27. d5 exd5 28. Bxd5 Qh3 29. Bb7 Re6 30. Rc7 Bd6 31. Bxb6 axb6 32. Rxd6 Rxd6 33. a7 Rbd8 34. a8Q Rd2 35. Qxd8+ Rxd8 36. Bd5 1-0

[Event "Warsaw op 04"]
[Site "Warsaw"]
[Date "2009.04.17"]
[Round "1"]
[White "Szefer, Michal"]
[Black "Michniewski, Tomasz"]
[Result "1/2-1/2"]
[WhiteElo "2036"]
[BlackElo "2190"]
[PlyCount "79"]
[EventDate "2009.04.07"]
[EventType "swiss"]
[EventRounds "11"]
[EventCountry "POL"]
[SourceTitle "EXT 2012"]
[Source "ChessBase"]
[SourceDate "2011.11.24"]
[SourceVersion "1"]
[SourceVersionDate "2011.11.24"]
[SourceQuality "1"]

1. e4 c5 2. Nf3 a6 3. d4 cxd4 4. Nxd4 Nf6 5. Nc3 e5 6. Nb3 d5 7. exd5 Bb4 8. Bg5 Qxd5 9. Bxf6 Bxc3+ 10. bxc3 Qxd1+ 11. Rxd1 gxf6 12. Bd3 Nc6 13. 0-0 Be6 14. a4 0-0-0 15. Nc5 f5 16. f3 Rhe8 17. Rfe1 Rd5 18. Nxe6 fxe6 19. g4 fxg4 20. fxg4 Rg8 21. h3 h5 22. Bc4 hxg4 23. Bxd5 gxh3+ 24. Kh2 exd5 25. Rxd5 Rg2+ 26. Kxh3 Rxc2 27. Rc5 Kd7 28. Rd5+ Ke6 29. Rd3 Ra2 30. Re4 Kf5 31. Rde3 b5 32. axb5 axb5 33. Kg3 Ke6 34. Rd3 Ra3 35. Ree3 Kf5 36. Kf3 e4+ 37. Rxe4 Ne5+ 38. Rxe5+ Kxe5 39. Ke3 Rb3 40. Kd2 1/2-1/2

[Event "Warsaw op-A 01"]
[Site "Warsaw"]
[Date "2009.02.24"]
[Round "6"]
[White "Michniewski, Tomasz"]
[Black "Alvarado, Carlos"]
[Result "1-0"]
[WhiteElo "2190"]
[BlackElo "2175"]
[PlyCount "63"]
[EventDate "2009.01.08"]
[EventType "swiss"]
[EventRounds "11"]
[EventCountry "POL"]
[SourceTitle "EXT 2012"]
[Source "ChessBase"]
[SourceDate "2011.11.24"]
[SourceVersion "1"]
[SourceVersionDate "2011.11.24"]
[SourceQuality "1"]

1. d4 Nf6 2. c4 g6 3. Nc3 Bg7 4. e4 d6 5. f4 0-0 6. Nf3 e5 7. fxe5 dxe5 8. d5 Na6 9. Bd3 Nh5 10. 0-0 Bg4 11. Be3 Nf4 12. Bc2 Nb4 13. Bb1 a5 14. a3 Na6 15. Bc2 Qe7 16. Rb1 Rad8 17. Qd2 f6 18. Na4 b6 19. b4 axb4 20. axb4 Ne6 21. c5 Bxf3 22. gxf3 bxc5 23. Qe2 Nxb4 24. dxe6 Nxc2 25. Qxc2 Qxe6 26. Nxc5 Qf7 27. Rb7 Rfe8 28. Na6 Ra8 29. Rxc7 Qe6 30. Rc6 Rec8 31. Nc7 Qd7 32. Rd1 1-0

[Event "Warsaw op-A 01"]
[Site "Warsaw"]
[Date "2009.02.20"]
[Round "7"]
[White "Gasik, Piotr"]
[Black "Michniewski, Tomasz"]
[Result "1-0"]
[WhiteElo "2106"]
[BlackElo "2190"]
[PlyCount "85"]
[EventDate "2009.01.08"]
[EventType "swiss"]
[EventRounds "11"]
[EventCountry "POL"]
[SourceTitle "EXT 2012"]
[Source "ChessBase"]
[SourceDate "2011.11.24"]
[SourceVersion "1"]
[SourceVersionDate "2011.11.24"]
[SourceQuality "1"]

1. c4 e5 2. Nc3 Nf6 3. Nf3 Nc6 4. g3 d5 5. cxd5 Nxd5 6. Bg2 Be6 7. 0-0 Be7 8. d4 exd4 9. Nxd4 Nxd4 10. Qxd4 Bf6 11. Qa4+ c6 12. Nxd5 Bxd5 13. Rd1 b5 14. Qc2 Qc8 15. e4 Bc4 16. e5 Be7 17. b3 Bd5 18. Bxd5 cxd5 19. Qxc8+ Rxc8 20. Rxd5 Bc5 21. Bb2 Bxf2+ 22. Kxf2 Rc2+ 23. Ke3 Rxb2 24. Rxb5 Ke7 25. Rb7+ Ke6 26. Rxa7 Rc8 27. Kd3 Rcc2 28. Rf1 Rd2+ 29. Kc3 Rbc2+ 30. Kb4 Rxa2 31. Rfxf7 Rxh2 32. Rxa2 Rxa2 33. Rxg7 Rh2 34. Kc5 Kxe5 35. b4 Rc2+ 36. Kb6 h6 37. Rg6 Rh2 38. b5 Kf5 39. Rg8 h5 40. Kc6 Rc2+ 41. Kb7 Rg2 42. b6 h4 43. Rf8+ 1-0

[Event "Warsaw op-A 01"]
[Site "Warsaw"]
[Date "2009.01.30"]
[Round "4"]
[White "Michniewski, Tomasz"]
[Black "Chalupnik, Marcin"]
[Result "1-0"]
[WhiteElo "2190"]
[BlackElo "2273"]
[PlyCount "41"]
[EventDate "2009.01.08"]
[EventType "swiss"]
[EventRounds "11"]
[EventCountry "POL"]
[SourceTitle "EXT 2012"]
[Source "ChessBase"]
[SourceDate "2011.11.24"]
[SourceVersion "1"]
[SourceVersionDate "2011.11.24"]
[SourceQuality "1"]

1. d4 Nf6 2. c4 c5 3. d5 b5 4. cxb5 a6 5. b6 e6 6. Nc3 exd5 7. Nxd5 Nxd5 8. Qxd5 Nc6 9. e4 Qxb6 10. Bc4 Be7 11. Qxf7+ Kd8 12. Nf3 Qb4+ 13. Bd2 Qxb2 14. 0-0 Qf6 15. Qd5 Qd6 16. Rfe1 Rf8 17. Rad1 Kc7 18. Bc3 Qg6 19. Ne5 Nxe5 20. Ba5+ Kb8 21. Qxe5+ 1-0

[Event "Warsaw YMCA Autumn 52nd"]
[Site "Warsaw"]
[Date "2008.12.19"]
[Round "12"]
[White "Michniewski, Tomasz"]
[Black "Moskwinski, Tadeusz"]
[Result "1/2-1/2"]
[WhiteElo "2215"]
[BlackElo "2178"]
[PlyCount "57"]
[EventDate "2008.10.07"]
[EventType "tourn"]
[EventRounds "13"]
[EventCountry "POL"]
[SourceTitle "EXT 2019"]
[Source "ChessBase"]
[SourceDate "2018.10.10"]
[SourceVersion "1"]
[SourceVersionDate "2018.10.10"]
[SourceQuality "1"]

1. d4 f5 2. c4 Nf6 3. Nf3 g6 4. Nc3 Bg7 5. g3 0-0 6. Bg2 d6 7. 0-0 c6 8. Qb3 Qb6 9. Qxb6 axb6 10. Rd1 Ne4 11. Bd2 Nd7 12. Be1 Nxc3 13. Bxc3 b5 14. cxb5 cxb5 15. Ne1 Nb6 16. b3 Ra7 17. Nd3 Bd7 18. Nb4 Rc8 19. Rac1 Bc6 20. d5 Bd7 21. Bxg7 Kxg7 22. Rxc8 Bxc8 23. Rc1 Kf6 24. Rc7 Ra8 25. e3 Rb8 26. Kf1 Nd7 27. Ke2 Nc5 28. Kd2 Bd7 29. Kc3 1/2-1/2

[Event "POL-chT 2nd League"]
[Site "Ustron"]
[Date "2008.09.07"]
[Round "2.92"]
[White "Graczyk, Konrad"]
[Black "Michniewski, Tomasz"]
[Result "0-1"]
[WhiteElo "1907"]
[BlackElo "2227"]
[PlyCount "120"]
[EventDate "2008.09.06"]
[EventType "team-swiss"]
[EventRounds "9"]
[EventCountry "POL"]
[SourceTitle "EXT 2015"]
[Source "ChessBase"]
[SourceDate "2014.11.20"]
[SourceVersion "1"]
[SourceVersionDate "2014.11.20"]
[SourceQuality "1"]
[WhiteTeam "Katowice Hetman Szopienice II"]
[BlackTeam "Milanowek UKS Jedwabnik"]
[WhiteTeamCountry "POL"]
[BlackTeamCountry "POL"]

1. d4 Nf6 2. c4 g6 3. Nc3 Bg7 4. Nf3 0-0 5. Bg5 d6 6. e3 Nbd7 7. Be2 c6 8. Qc2 e5 9. dxe5 dxe5 10. Rd1 Qc7 11. 0-0 Nc5 12. b4 Bf5 13. Qb2 Nce4 14. Bxf6 Nxf6 15. Nh4 Be6 16. e4 a5 17. a3 axb4 18. axb4 Rfd8 19. Nf3 h6 20. Rc1 Nh5 21. Nd5 Qb8 22. Nb6 Ra6 23. Ra1 Rxb6 24. c5 Rb5 25. Bxb5 cxb5 26. Rfd1 Bd7 27. Qc2 Nf4 28. Rd6 Ne6 29. Qd2 Nd4 30. Nxd4 exd4 31. f4 Bc6 32. e5 Bf8 33. Rxd4 Rxd4 34. Qxd4 Qc8 35. Rd1 Qg4 36. Qd2 Bxg2 37. Qd7 Qxd7 38. Rxd7 Bc6 39. Rd8 Kg7 40. Rc8 Be7 41. Kf1 Bh4 42. Ke2 g5 43. f5 g4 44. Rc7 g3 45. hxg3 Bxg3 46. Re7 Kf8 47. f6 h5 48. Rc7 Bxe5 49. Rc8+ Be8 50. Kf2 Bc3 51. Kg3 Bxf6 52. Kf4 Bc3 53. Kg5 Bxb4 54. Kxh5 Ke7 55. Rc7+ Ke6 56. Rxb7 Bxc5 57. Kg4 b4 58. Rb8 Ba4 59. Ra8 Bd1+ 60. Kf4 b3 0-1

[Event "POL-chT 2nd League"]
[Site "Wysowa"]
[Date "2007.09.05"]
[Round "3"]
[White "Plichta, Kamil"]
[Black "Michniewski, Tomasz"]
[Result "0-1"]
[WhiteElo "1963"]
[BlackElo "2207"]
[PlyCount "66"]
[EventDate "2007.09.03"]
[EventType "team-swiss"]
[EventRounds "9"]
[EventCountry "POL"]
[SourceTitle "EXT 2010"]
[Source "ChessBase"]
[SourceDate "2010.11.25"]
[SourceVersion "1"]
[SourceVersionDate "2010.11.25"]
[SourceQuality "1"]
[WhiteTeam "Wegrow SRSDiM"]
[BlackTeam "Milanowek UKS Jedwabnik"]
[WhiteTeamCountry "POL"]
[BlackTeamCountry "POL"]

1. d4 Nf6 2. c4 g6 3. Nc3 Bg7 4. e4 d6 5. f4 0-0 6. Nf3 Na6 7. Be2 e5 8. fxe5 dxe5 9. d5 Nc5 10. Qc2 Nfxe4 11. Nxe4 Bf5 12. Bd3 Bxe4 13. Bxe4 f5 14. Bg5 Qd7 15. Bxf5 Qxf5 16. Qxf5 Rxf5 17. Be3 Nd3+ 18. Ke2 Nxb2 19. Nd2 e4 20. Rab1 b5 21. Rxb2 Bxb2 22. Rb1 bxc4 23. Nxc4 Bg7 24. Rb7 Rxd5 25. Rxc7 Bd4 26. Re7 Rc8 27. Bxd4 Rxd4 28. Ne3 Ra4 29. Nd5 Rc2+ 30. Ke3 Ra3+ 31. Kf4 Rf2+ 32. Ke5 Rf5+ 33. Kd4 Ra4+ 0-1

[Event "POL-chT 2nd League"]
[Site "Lublin"]
[Date "2006.09.09"]
[Round "8.53"]
[White "Michniewski, Tomasz"]
[Black "Wesolowski, Tadeusz"]
[Result "1-0"]
[WhiteElo "2193"]
[BlackElo "2089"]
[PlyCount "89"]
[EventDate "2006.09.02"]
[EventType "team-swiss"]
[EventRounds "9"]
[EventCountry "POL"]
[SourceTitle "EXT 2019"]
[Source "ChessBase"]
[SourceDate "2018.10.10"]
[SourceVersion "1"]
[SourceVersionDate "2018.10.10"]
[SourceQuality "1"]
[WhiteTeam "Milanowek UKS Jedwabnik"]
[BlackTeam "Pniowek 74"]
[WhiteTeamCountry "POL"]
[BlackTeamCountry "POL"]

1. d4 d5 2. c4 dxc4 3. Nf3 Nf6 4. e3 Bg4 5. Bxc4 e6 6. Nc3 Nc6 7. h3 Bh5 8. 0-0 a6 9. b3 Bd6 10. Be2 0-0 11. Bb2 Bg6 12. Nh4 Ne7 13. Nxg6 Nxg6 14. Rc1 Qe7 15. Qc2 Rac8 16. Rfd1 Rfd8 17. Na4 c6 18. Nc5 e5 19. Ne4 Nxe4 20. Qxe4 exd4 21. Qxe7 Bxe7 22. Rxd4 Bf6 23. Rxd8+ Rxd8 24. Bxf6 gxf6 25. Rd1 Rxd1+ 26. Bxd1 Ne5 27. Bc2 Nd7 28. f4 Nc5 29. Kf2 h6 30. Ke2 Kf8 31. Kf3 a5 32. Kg4 Na6 33. a3 Nc7 34. Kf5 Ke7 35. Be4 Nb5 36. Kg4 Nxa3 37. Kh5 Nb5 38. Kxh6 Nc3 39. Bf3 Kf8 40. g4 Nd5 41. g5 b5 42. g6 a4 43. g7+ Kg8 44. Be4 f5 45. Bxf5 1-0